000 00702cab a2200217 4500
001 WB2901-32
008 090401t1993 xxu||||| |||| 00| 0 eng d
035 _a(Sirsi) u18377
041 _aeng
245 _aNo let-up in repossessions
260 _c1993
350 _a0
490 _aIndependent
_v4 January 1993, 16
490 _aDaily Mail
_v6 January 1993, 5
520 _aMortgage lenders predict little change in the level of repossessions over the next three years with Abbey National, for example, expecting a fall from 64,000 to 60,000 cases between 1993 and 1995.
650 _aFORECAST
650 _aREPOSSESSIONS
690 _aHOUSING-FINANCE
942 _n0
948 _c04/03/1997
999 _c12208
_d12208